书目信息 |
| 题名: |
CMOS Pll Synthesizers: Analysis and Design
|
|
| 作者: | 舒 著 | |
| 分册: | ||
| 出版信息: | 北京 科学出版社 2007.01 |
|
| 页数: | 215页 | |
| 开本: | 24cm | |
| 丛书名: | 国外电子信息精品著作 | |
| 单 册: | ||
| 中图分类: | TN911.8 | |
| 科图分类: | ||
| 主题词: | CMOS电路--CMOS dian lu--锁相环--电路设计--英文 | |
| 电子资源: | ||
| ISBN: | 9787030182500 | |
| 000 | 01059nam 2200277 450 | |
| 001 | 012007353984 | |
| 005 | 20070622161631.53 | |
| 010 | @a9787030182500@dCNY34.00 | |
| 100 | @a20070417d2007 km y0chiy0120 ea | |
| 101 | 0 | @achi@aeng |
| 102 | @aCN@b110000 | |
| 105 | @aa z 001yy | |
| 200 | 1 | @aCMOS Pll Synthesizers: Analysis and Design@d= CMOS锁相环: 分析和设计@fKeliu Shu等[著]@FKeliu Shu deng[zhu]@zchi |
| 205 | @a影印版 | |
| 210 | @a北京@c科学出版社@d2007.01 | |
| 215 | @a215页@c图@d24cm | |
| 225 | 2 | @a国外电子信息精品著作@Aguo wai dian zi xin xi jing pin zhu zuo |
| 320 | @a有索引。 | |
| 330 | @a本书是一本关于小型sigma-delta频率综合器方面的优秀著作。作者.分别从系统级和电路级对频率综合器的设计进行了阐述。主要创新点在低功耗高速分频器和减少芯片面积的环路滤波器的电容设计上。 | |
| 410 | 0 | @12001 @a国外电子信息精品著作 |
| 510 | 1 | @aCMOS锁相环: 分析和设计@zchi |
| 606 | 0 | @aCMOS电路@ACMOS dian lu@x锁相环@x电路设计@x英文 |
| 690 | @aTN911.8@v4 | |
| 701 | 1 | @a舒@Ashu@g(Shu,Keliu)@4著 |
| 801 | 0 | @aCN@c20070622 |
| 905 | @dTN911.8@eS637 | |
| CMOS Pll Synthesizers: Analysis and Design= CMOS锁相环: 分析和设计/Keliu Shu等[著].-影印版.-北京:科学出版社,2007.01 |
| 215页:图;24cm.-(国外电子信息精品著作) |
| ISBN 9787030182500:CNY34.00 |
| 本书是一本关于小型sigma-delta频率综合器方面的优秀著作。作者.分别从系统级和电路级对频率综合器的设计进行了阐述。主要创新点在低功耗高速分频器和减少芯片面积的环路滤波器的电容设计上。 |
| ● |
| 相关链接 |
|
|
|
正题名:CMOS Pll Synthesizers: Analysis and Desi
索取号:TN911.8/S637
 
预约/预借
| 序号 | 登录号 | 条形码 | 馆藏地/架位号 | 状态 | 备注 |
| 1 | 241624 | 202416242 | 自科库301/301自科库 36排4列2层/ [索取号:TN911.8/S637] | 在馆 | |
| 2 | 241625 | 202416251 | 自科库301/301自科库 36排4列2层/ [索取号:TN911.8/S637] | 在馆 |